| 000 | 00634pam a2200229 a 4500 | ||
|---|---|---|---|
| 001 | 461851 | ||
| 005 | 20180308045650.0 | ||
| 008 | 830810s1984 ilu b 001 0 eng | ||
| 010 | _a 83017858 | ||
| 020 |
_a0226212998 : _c$22.00 (est.) |
||
| 040 |
_aDLC _cDLC _dDLC |
||
| 041 | _aeng | ||
| 043 | _an-us--- | ||
| 080 | _a342.73029 | ||
| 082 | 0 | 0 |
_a342.73029 EPS _a347.30229 _219 |
| 100 | 1 | _a19 | |
| 101 | _aSHP | ||
| 245 | 1 | 4 |
_aThe political theory of the Federalist / _cDavid F. Epstein. |
| 504 | _aIncludes bibliographical references and index. | ||
| 906 |
_a7 _bcbc _corignew _d1 _eocip _f19 _gy-gencatlg |
||
| 942 |
_2ddc _cBK |
||
| 999 |
_c44438 _d44438 |
||